The new General Development Order : Parts 1 and 2 (Record no. 15671)
[ view plain ]
| 000 -LEADER | |
|---|---|
| fixed length control field | 01059cab a2200193 4500 |
| 001 - CONTROL NUMBER | |
| control field | ABS40384 |
| 008 - FIXED-LENGTH DATA ELEMENTS--GENERAL INFORMATION | |
| fixed length control field | 090401t1989 xxu||||| |||| 00| 0 eng d |
| 035 ## - SYSTEM CONTROL NUMBER | |
| System control number | (Sirsi) u23447 |
| 041 ## - LANGUAGE CODE | |
| Language code of text/sound track or separate title | eng |
| 100 ## - MAIN ENTRY--PERSONAL NAME | |
| Personal name | Mynors, C. |
| 245 #4 - TITLE STATEMENT | |
| Title | The new General Development Order : Parts 1 and 2 |
| 260 ## - PUBLICATION, DISTRIBUTION, ETC. | |
| Date of publication, distribution, etc. | 1989 |
| 350 ## - PRICE (NR) (BK AM CF MU VM SE) [OBSOLETE] | |
| Price | 0 |
| 490 ## - SERIES STATEMENT | |
| Series statement | Solicitors` Journal |
| Volume/sequential designation | 133(4) 27 January 1989, 104-106 |
| 520 ## - SUMMARY, ETC. | |
| Summary, etc. | Part I explains the changes introduced in the new General Development Order , which came into force on 5 December 1988. Highlights amendments to permitted development limits, entitlement to compensation where permission is refused and further changes under consideration. Part II concentrates on the significant changes relating to minor residential development and restrictions relating to dwelling-houses located within conservation areas. Concludes by reviewing the changes to permitted development limits applying to listed buildings , especially listed dwelling-houses. |
| 690 ## - LOCAL SUBJECT ADDED ENTRY--TOPICAL TERM (OCLC, RLIN) | |
| Topical term or geographic name as entry element | PLANNING LAW AND PRACTICE |
| 942 ## - ADDED ENTRY ELEMENTS (KOHA) | |
| Suppress in OPAC | 0 |
| 948 ## - LOCAL PROCESSING INFORMATION (OCLC); SERIES PART DESIGNATOR (RLIN) | |
| c (OCLC) | 04/03/1997 |
| Withdrawn status | Lost status | Source of classification or shelving scheme | Damaged status | Not for loan | Home library | Current library | Shelving location | Date acquired | Total Checkouts | Full call number | Barcode | Date last seen | Copy number | Price effective from | Koha item type |
|---|---|---|---|---|---|---|---|---|---|---|---|---|---|---|---|
| Dewey Decimal Classification | London | London | Journal article | 14/09/1999 | ABS40384 | 23447-1001 | 06/08/2019 | 1 | 06/08/2019 | Journal article |